Indian economics. (Record no. 1180)

MARC details
000 -LEADER
fixed length control field 00517cam a2200217ua 4500
008 - FIXED-LENGTH DATA ELEMENTS--GENERAL INFORMATION
fixed length control field 110629n ii |||gr||||Z||||||eng
020 ## - INTERNATIONAL STANDARD BOOK NUMBER
International Standard Book Number 81-219-0907-4
040 ## - CATALOGING SOURCE
Transcribing agency MAIN
082 ## - DEWEY DECIMAL CLASSIFICATION NUMBER
Classification number 330.954
100 ## - MAIN ENTRY--PERSONAL NAME
Personal name Dewett, K K.,
245 1# - TITLE STATEMENT
Title Indian economics.
Statement of responsibility, etc. By K K Dewett.
250 ## - EDITION STATEMENT
Edition statement 38th.
260 ## - PUBLICATION, DISTRIBUTION, ETC.
Place of publication, distribution, etc. New Delhi.:
Name of publisher, distributor, etc. S chand.,997.
300 ## - PHYSICAL DESCRIPTION
Extent xvi, 663 p.:
Dimensions 25 cm.
700 ## - ADDED ENTRY--PERSONAL NAME
Personal name Verma, J D.,
700 ## - ADDED ENTRY--PERSONAL NAME
Personal name Sharma, M L.,
942 ## - ADDED ENTRY ELEMENTS (KOHA)
Koha item type Books
653 ## - INDEX TERM--UNCONTROLLED
Uncontrolled term Economics.
653 ## - INDEX TERM--UNCONTROLLED
Uncontrolled term Indian economics.
Holdings
Withdrawn status Lost status Damaged status Not for loan Home library Current library Shelving location Date acquired Total Checkouts Full call number Barcode Date last seen Copy number Price effective from Koha item type
        Central Library, Naharkatiya College Central Library, Naharkatiya College General Stacks 19/09/2020   330.954 | DEW 2473 19/09/2020 1 19/09/2020 Books

Naharkatiya College © 2020. All rights reserved.

Powered By